Bibliographie zur Politik in Theorie und Praxis

Na minha lista:
Detalhes bibliográficos
Principais autores: Bracher, Karl Dietrich (Autor), Jacobson, Hans-Adolf (Autor), Funke, Manfred (Autor)
Formato: Livro
Idioma:alemão
Publicado em: Düsseldorf Droste 1976
coleção:Bonner Schriften zur Politik und Zeitgeschichte
Assuntos:
Tags: Adicionar Tag
Sem tags, seja o primeiro a adicionar uma tag!

MARC

LEADER 00000nam a2200000 a 4500
001 UCN9117
003 CL-VaPUC
008 011123e19760000GW |||||||||||||||||ger|d
082 0 4 |a 320.01  |b BRA  |2 21 
100 |a Bracher, Karl Dietrich  |e author  |9 465555 
700 0 |a Jacobson, Hans-Adolf  |e author  |9 465556 
700 0 |a Funke, Manfred  |e author  |9 465557 
245 1 0 |a Bibliographie zur Politik in Theorie und Praxis 
300 |a 574 p 
942 |c BK 
945 |d 20011123 00:00:00  |a crobeson 
260 |a Düsseldorf  |b Droste  |c 1976 
650 7 |a TEORIA POLITICA - BIBLIOGRAFIAS  |2 CL-VaPUC  |9 465558 
650 7 |a HISTORIA POLITICA - BIBLIOGRAFIAS  |2 CL-VaPUC  |9 465559 
583 |a last modification  |c 20011123 00:00:00  |k Rodrigo Vera 
490 0 |a Bonner Schriften zur Politik und Zeitgeschichte 
999 |c 298664  |d 298662 
952 |0 0  |1 0  |4 0  |6 320_010000000000000_BRA_1976  |7 0  |8 A  |9 354429  |a BIBHIS  |b BIBHIS  |d 2019-11-21  |i 3742962  |o 320.01 BRA 1976  |p 3742962  |r 2025-01-20  |w 2019-11-21  |y BK  |k HIS